| Поле | Инд. | ПП | Название | Значение |
|---|---|---|---|---|
| Тип записи | a | |||
| Библиографический уровень | b | |||
| 001 | Контрольный номер | RU/IS/BASE/448729774 | ||
| 005 | Дата корректировки | 20241107101842.0 | ||
| 008 | Кодируемые данные | 20140321 | ||
| 040 | b | Код языка каталог. | rus | |
| e | Правила каталог. | PSBO | ||
| 041 | 0_ | a | Код языка текста | rus |
| 084 | a | Индекс другой классификации/Индекс ББК | 60.032.621.1; 66.01 | |
| 100 | 1_ | a | Автор | Кралечкин Д. |
| q | Полное имя | Кралечкин Дмитрий | ||
| 245 | 10 | a | Заглавие | Воспроизводство государства в невыносимых для граждан условиях |
| 246 | a | Другая форма заглавия | On Non-Domination | |
| 504 | a | Библиография | Библиогр. сноски | |
| 520 | a | Аннотация | Революция рассматривается как объект философской реконструкции, демонстрирующей государственное конституирование революции как события. В качестве примера выделяется попытка Сартра описать революцию, изображая революционные передвижения и волнения парижан времен французской революции в качестве моментов диалектического перехода от сериальности к "группе в слиянии". Затем логика Сартра сопоставляется с историко-теоретической реконструкцией Фюре, что позволяет сделать выводы относительно воспроизводства государства в революции. Городские революции продолжают отсылать к средневековому образу "политики" как "науки города", господствовавшему до формирования "государственного интереса", и это одно из принципиальных ограничений. | |
| 600 | a | Персоналии | Сартр Жан Поль | |
| a | Персоналии | Фюре Франсуа | ||
| a | Персоналии | Токвиль Алексис де | ||
| 650 | a | Основная рубрика | политика | |
| a | Основная рубрика | политическая философия (философия политики) | ||
| a | Основная рубрика | политология | ||
| a | Основная рубрика | социальная философия | ||
| a | Основная рубрика | философия истории | ||
| 653 | a | Ключевые слова | XVIII век | |
| a | Ключевые слова | Великая французская революция 1789-1799 | ||
| a | Ключевые слова | вооруженная борьба | ||
| a | Ключевые слова | города | ||
| a | Ключевые слова | государство | ||
| a | Ключевые слова | демократия | ||
| a | Ключевые слова | история | ||
| a | Ключевые слова | милиция | ||
| a | Ключевые слова | народ | ||
| a | Ключевые слова | политическая власть | ||
| a | Ключевые слова | революция | ||
| a | Ключевые слова | свобода | ||
| a | Ключевые слова | социальная наука | ||
| a | Ключевые слова | социальная справедливость | ||
| a | Ключевые слова | террор | ||
| a | Ключевые слова | урбанизм | ||
| a | Ключевые слова | Франция | ||
| 773 | 08 | t | Заглавие источника | Логос |
| d | Дата издания источника | 2012 | ||
| g | Прочая информация | № 4 (88). - С. 121 - 142 | ||
| w | Контрольный № источника | RU/IS/BASE/416596124 | ||
| 901 | t | Тип документа | b |